| 000 | 00487nam a2200157Ia 4500 | ||
|---|---|---|---|
| 008 | 220216s9999 xx 000 0 und d | ||
| 100 | _aGhosh Arup K | ||
| 245 | 0 | _aInfluence of modified carbon black filler on the reinforcement of NR vulcanizate | |
| 260 | _bNational Seminar on Advances in Polymer Technology, Cochin, 1996; p179 | ||
| 650 | _aNR vulcanizate | ||
| 650 | _aRubber filler | ||
| 700 | _aBasu Dam Adhikari | ||
| 700 | _aMustafi S K | ||
| 700 | _aRai G S | ||
| 942 | _cJS | ||
| 999 |
_c61268 _d61268 |
||